| 000 | 00586nas a2200217 i 4500 | ||
|---|---|---|---|
| 001 | 2633 | ||
| 003 | ES-MaACL | ||
| 005 | 20251114150402.0 | ||
| 008 | 950801c194519??sp a| | 1 ||pa d | ||
| 022 | _a1575-4340 | ||
| 245 | 0 | 0 |
_aAlmanaque de Meridiano / _cdirector Manuel Jiménez Quílez. |
| 260 |
_a[Madrid] : _bEditorial Saso, _c1945- |
||
| 300 |
_a3 v. ; _c25 cm. |
||
| 310 | _aAnual | ||
| 362 | _a1945- | ||
| 700 | 1 |
_aJiménez Quílez, Manuel, _d1915-2001 _966595 |
|
| 852 |
_aES-MaACL _jE-4620-22 |
||
| 866 | 0 | _o1946-48. | |
| 942 |
_2udc _cPERIODICA |
||
| 999 |
_c2633 _d2633 |
||